| 000 | 00481nam a2200193Ia 4500 | ||
|---|---|---|---|
| 008 | 170918s9999 xx 000 0 und d | ||
| 020 | _a9780439784276 | ||
| 050 | _bM145 2002 | ||
| 100 | _aMcGhee, Alison | ||
| 245 | _aCountdown to kindergarten / | ||
| 245 | _cAlison McGhee ; pictures by Harry Bliss. | ||
| 260 | _aNew York : | ||
| 260 | _bScholastic, | ||
| 260 | _c2002 | ||
| 300 | _aunpaged : | ||
| 300 | _bcolored illustration ; | ||
| 300 | _c28cm. | ||
| 500 | _a380 | ||
| 999 |
_c341226 _d341226 |
||